000 00343nam a2200133Ia 4500
008 240624s9999 xx 000 0 und d
041 _aeng
082 _a332.1 WIL
100 _aWILLIAMS STEPHEN P
245 _aBLOCKCHAIN THE NEXT EVERYTHING
260 _c2019
_aNew York
_bScribner Book Company
300 _a194 p.; 23 cm.
365 _c
_b33
999 _c32128
_d32128